Hoá học và màu sắc

Bewaard in:
Bibliografische gegevens
Hoofdauteur: FaĐeev, G. N
Formaat: Boek
Taal:Vietnamese
Gepubliceerd in: Khoa học và kỹ thuật 2001
Tags: Voeg label toe
Geen labels, Wees de eerste die dit record labelt!
Thư viện lưu trữ: Mạng thư viện Đại học Đà Nẵng
LEADER 00653nam a2200253 4500
001 000021833
003 18281
005 20150423140451.0
008 150423s2001 viesd
020 |c 15000 
041 0 |a vie 
082 1 4 |a 547,86  |b FA-G 
100 1 |a FaĐeev, G. N 
245 1 0 |a Hoá học và màu sắc  |c G. N. FaĐeev ; Hoàng Nhâm, Vũ Minh dịch 
260 |b Khoa học và kỹ thuật  |c 2001 
300 |a tr.  |c cm. 
OWN |a LSP 
999 |a From the UDN01 
TYP |a Monograph 
TYP |a Printed language 
980 |a Mạng thư viện Đại học Đà Nẵng